|
|
|
|
| LEADER |
00000nam0a2200000 4500 |
| 001 |
137810 |
| 005 |
20231101220713.0 |
| 010 |
|
|
|a 5931570764
|
| 035 |
|
|
|a (RuTPU)RU\TPU\book\149342
|
| 090 |
|
|
|a 137810
|
| 100 |
|
|
|a 20080516d2007 k y0rusy50 ca
|
| 101 |
0 |
|
|a rus
|
| 102 |
|
|
|a RU
|
| 105 |
|
|
|a a z 001zy
|
| 200 |
1 |
|
|a Поэтапное подтверждение соответствия требованиям технической безопасности сложных изделий нефтегазового машиностроения
|f Ю. Р. Гарин, Л. Г. Дубицкий
|g под ред. А. И. Владимирова, В. Я. Кершенбаума
|
| 210 |
|
|
|a Москва
|c Национальный институт нефти и газа
|d 2007
|
| 215 |
|
|
|a 183 с.
|c ил.
|
| 225 |
1 |
|
|a Конкурентоспособность и управление качеством в нефтегазовом комплексе
|
| 320 |
|
|
|a Литература: с. 173-179.
|
| 330 |
|
|
|a В книге с системных позиций излагаются методические основы поэтапного подтверждения соответствия сложного нефтегазового оборудования требованиям технической безопасности. Рассмотрены особенности подтверждения соответствия для буровых установок на этапах разработки, производства и эксплуатации, даны рекомендации по методам реализации соответствующих процедур с учетом допустимого риска. Материал может быть использован при разработке стандартов и методик не только для буровых установок, но и других сложных изделий машиностроения.
|
| 606 |
1 |
|
|a Нефтепромысловое машиностроение
|2 stltpush
|3 (RuTPU)RU\TPU\subj\45820
|9 65011
|
| 610 |
1 |
|
|a нефтегазовое машиностроение
|
| 610 |
1 |
|
|a квалиметрическое сопровождение
|
| 610 |
1 |
|
|a буровые установки
|
| 610 |
1 |
|
|a техническая безопасность
|
| 610 |
1 |
|
|a проектирование
|
| 610 |
1 |
|
|a изготовление
|
| 610 |
1 |
|
|a эксплуатация
|
| 610 |
1 |
|
|a алгоритмы
|
| 610 |
1 |
|
|a нефтегазовое оборудование
|
| 675 |
|
|
|a 622.276.05
|v 3
|
| 700 |
|
1 |
|a Гарин
|b Ю. Р.
|
| 701 |
|
1 |
|a Дубицкий
|b Л. Г.
|
| 702 |
|
1 |
|a Владимиров
|b А. И.
|4 340
|
| 702 |
|
1 |
|a Кершенбаум
|b В. Я.
|4 340
|
| 801 |
|
1 |
|a RU
|b 63413507
|c 20080516
|g PSBO
|
| 801 |
|
2 |
|a RU
|b 63413507
|c 20140702
|g PSBO
|
| 942 |
|
|
|c BK
|
| 959 |
|
|
|a 49/20080514
|d 1
|e 370,00
|f ЧЗТЛ:1
|